Normas brasileiras de auditoria do setor público (NBASP) : (Record no. 1479)

MARC details
000 -LÍDER
Campo Fixo de Controle 00880nam a2200241 a 4500
001 - NÚMERO DE CONTROLE
Campo de Controle 1479
003 - IDENTIFICAÇÃO DO NÚMERO DE CONTROLE
Campo de Controle BR-CuiBMT
005 - DATA E HORA DA ÚLTIMA ATUALIZAÇÃO
Campo de Controle 20231212115921.0
008 - DADOS FIXOS
Dados Fixos 230816s2015 mgb 000 0 por d
020 ## - INTERNATIONAL STANDARD BOOK NUMBER
Nº do ISBN 9788545001157
040 ## - AGÊNCIA CATALOGADORA
Código da Agência Catalogadora BR-CuiBMT
Agência que transcreveu o registro BR-CuiBMT
080 ## - Nº DA CLASSIFICAÇÃO DECIMAL UNIVERSAL
Nº Class. CDU 657.63
Subd. Auxiliar Comum (81)
Nº edição CDU 2007
090 ## - NÚMERO DE CHAMADA
Nº classificação 657.63(81)
Cutter I59n
110 1# - ENTRADA PRINCIPAL -- ENTIDADE
Nome da entidade ou lugar Instituto Rui Barbosa - IRB.
245 10 - TÍTULO PRINCIPAL
Título principal Normas brasileiras de auditoria do setor público (NBASP) :
Subtítulo nível 1 - princípios brasileiros e pré-requisitos para o funcionamento dos Tribunais de Contas Brasileiros /
Indicação de responsabilidade Instituto Rui Barbosa.
260 ## - PUBLICAÇÃO, DISTRIBUIÇÃO, ETC.
Local de publicação Belo Horizonte :
Editora IRB,
Data 2015.
300 ## - DESCRIÇÃO FÍSICA
N. páginas ou volumes 89 p. ;
Dimensões 22 cm
650 ## - ASSUNTO TÓPICO
Cabeçalho tópico ou nome geográfico Auditoria governamental
Subdivisão geral Normas
Subdivisão geográfica Brasil
650 ## - ASSUNTO TÓPICO
Cabeçalho tópico ou nome geográfico Controle externo
Subdivisão geral Auditoria
Subdivisão geográfica Brasil
650 ## - ASSUNTO TÓPICO
Cabeçalho tópico ou nome geográfico Auditor
Subdivisão geral Ética profissional
Subdivisão geográfica Brasil
650 ## - ASSUNTO TÓPICO
Cabeçalho tópico ou nome geográfico Tribunal de contas
Subdivisão geral Normas
Subdivisão geográfica Brasil
942 ## - ELEMENTOS DE ENTRADA ADICIONAIS (KOHA)
Fonte de classificação ou esquema de arquivamento Classificação Decimal Universal
Tipo de item do Koha Livros
Holdings
Estado: removido Estado: perdido Fonte de classificação ou esquema de arquivamento Estado: danificado Indisponível para empréstimo Localização permanente Localização atual Data de aquisição Total Checkouts Número de Chamada completo Código de barras Date last seen Número do exemplar Preço efetivo a partir de Tipo de item (Koha)
    Classificação Decimal Universal     Biblioteca da Escola Superior de Contas do TCE/MT Biblioteca da Escola Superior de Contas do TCE/MT 12/12/2023   657.63(81) I59n BIBTCEMT23120383 12/12/2023 Ex. 1 12/12/2023 Livros
    Classificação Decimal Universal     Biblioteca da Escola Superior de Contas do TCE/MT Biblioteca da Escola Superior de Contas do TCE/MT 14/12/2023   657.63(81) I59n BIBTCEMT23120476 14/12/2023 Ex. 2 14/12/2023 Livros
    Classificação Decimal Universal     Biblioteca da Escola Superior de Contas do TCE/MT Biblioteca da Escola Superior de Contas do TCE/MT 14/12/2023   657.63(81) I59n BIBTCEMT23120477 14/12/2023 Ex. 3 14/12/2023 Livros
    Classificação Decimal Universal     Biblioteca da Escola Superior de Contas do TCE/MT Biblioteca da Escola Superior de Contas do TCE/MT 14/12/2023   657.63(81) I59n BIBTCEMT23120478 14/12/2023 Ex. 4 14/12/2023 Livros

Powered by Koha